000 00597nam a2200205Ia 4500
005 20250923144656.0
008 008 250917s9999 xx 000 0 eng d
037 _aTextual
040 _aDSWL
_beng
_cDSWL
041 _aeng
_2eng
084 _aY72:1.2, N46
_qDSWL
100 _aHivale, Shamrao
_9827262
245 4 _aThe pardhans of the upper Narbada valley
_cby Shamrao Hivale
260 _aCumberlege
_b Oxford University Press
_c1946
300 _axvi,230p.
365 _aINR
_b15
925 _g15
942 _cTEXL
_hY72:1.2, N46
999 _c1441911
_d1441911